Data mining techniques for marketing, sales and customer relationship management (Record no. 186367)
[ view plain ]
| 000 -LEADER | |
|---|---|
| fixed length control field | 00546nam a2200169Ia 4500 |
| 008 - FIXED-LENGTH DATA ELEMENTS--GENERAL INFORMATION | |
| fixed length control field | 231217s9999 xx 000 0 und d |
| 020 ## - INTERNATIONAL STANDARD BOOK NUMBER | |
| International Standard Book Number | 8126505176 |
| 041 ## - LANGUAGE CODE | |
| Language code of text/sound track or separate title | English |
| 082 ## - DEWEY DECIMAL CLASSIFICATION NUMBER | |
| Classification number | 658.05631 BER;2 R1 |
| 100 ## - MAIN ENTRY--PERSONAL NAME | |
| Personal name | Berry, Michael J A. Linoff, Gordon S. |
| 245 #0 - TITLE STATEMENT | |
| Title | Data mining techniques for marketing, sales and customer relationship management |
| 250 ## - EDITION STATEMENT | |
| Edition statement | 2nd ed. |
| 260 ## - PUBLICATION, DISTRIBUTION, ETC. | |
| Date of publication, distribution, etc. | 2004 |
| Name of publisher, distributor, etc. | Wiley India |
| Place of publication, distribution, etc. | New Delhi |
| 300 ## - PHYSICAL DESCRIPTION | |
| Extent | xix, 643 |
| 650 ## - SUBJECT ADDED ENTRY--TOPICAL TERM | |
| Topical term or geographic name entry element | mining,techniques,marketing,,sales,customer,relationship,management |
| 942 ## - ADDED ENTRY ELEMENTS (KOHA) | |
| Koha item type | Books |
| Date last seen | Total checkouts | Full call number | Accession number | Cost, total (INR) price | Price effective from | Category | Lost status | Damaged status | Department | Withdrawn status | Home library | Current library | Shelving location | Entry date | Vendor | Cost, normal purchase price | Grants | Billnumber | Billdate | Currency symbol | Conversion rate | Discount | Old discount |
|---|---|---|---|---|---|---|---|---|---|---|---|---|---|---|---|---|---|---|---|---|---|---|---|
| 26/01/2024 | 658.05631 BER;2 R1 | 61279 | 284.25 | 26/01/2024 | Books | Central Library | Central Library | Central Library | Central Library | Royal Biblioman | 379.00 | CS | RB-071 | 25/02/2014 | RS | 1 | 94.75 | 25 | |||||
| 26/01/2024 | 658.05631 BER;3 | 61280 | 284.25 | 26/01/2024 | Books | Central Library | Central Library | Central Library | Central Library | Royal Biblioman | 379.00 | CS | RB-071 | 25/02/2014 | RS | 1 | 94.75 | 25 | |||||
| 26/01/2024 | 658.05631 BER;4 | 61281 | 284.25 | 26/01/2024 | Books | Central Library | Central Library | Central Library | Central Library | Royal Biblioman | 379.00 | CS | RB-071 | 25/02/2014 | RS | 1 | 94.75 | 25 | |||||
| 26/01/2024 | 658.05631 BER;5 | 61282 | 284.25 | 26/01/2024 | Books | Central Library | Central Library | Central Library | Central Library | Royal Biblioman | 379.00 | CS | RB-071 | 25/02/2014 | RS | 1 | 94.75 | 25 | |||||
| 26/01/2024 | 658.05631 BER;6 | 61283 | 284.25 | 26/01/2024 | Books | Central Library | Central Library | Central Library | Central Library | Royal Biblioman | 379.00 | CS | RB-071 | 25/02/2014 | RS | 1 | 94.75 | 25 | |||||
| 26/01/2024 | 658.05631 BER;7 | 78771 | 26/01/2024 | Books | CS | Central Library | Central Library | CS | 29/06/2011 | DONATED | 08/07/2016 | RS | 1 |
